• 首页
  • 本馆介绍
  • 公告通知
  • 最新文献
  • 馆藏检索
  • 电子资源
  • 读者导购
  • 参考咨询
  • 我的图书馆
  • 登录
  • 详细信息显示
  • 放入我的书架
  • 预约/预借图书
  • 作者相关作品
  • 分类相关作品
  • 丛书相关作品
  • 出版社相关作品

书目信息

  • 表格格式
  • 工作单格式
  • 卡片格式
题名:
电子管收音机技术问答
    
 
作者: 赵景元 编著
分册:  
出版信息: 北京   人民邮电出版社  1980
页数: 107页
开本: 20cm
丛书名: 无线电爱好者丛书
单 册:
中图分类: TN854
科图分类:
主题词: 电子管收音机--问答
电子资源:
ISBN:
000 00677nam2 2200241 45
001 0180006906
005 20060814093216.10
010    @dCNY0.29
091    @a15045.总2441-无6120
100    @a19960215d1980 em y0chiy0121 ea
101 0  @achi
102    @aCN@b110000
105    @ay z 000yy
200 10 @a电子管收音机技术问答@Adian zi guan shou yin ji ji shu wen da@f赵景元编著
210    @a北京@c人民邮电出版社@d1980
215    @a107页@d20cm
225 2  @a无线电爱好者丛书
410 0  @120010@a无线电爱好者丛书
606    @a电子管收音机@x问答
690    @aTN854@v3
701  0 @a赵景元@Azhao jing yuan@4编著
801  0 @aCN@bNLC@c20060814
905    @dTN854@e12@f1@b36680
    
    电子管收音机技术问答/赵景元编著.-北京:人民邮电出版社,1980
    107页;20cm.-(无线电爱好者丛书)
    
    
    ISBN :CNY0.29
    
●
相关链接 在E读中查询图书 在五车中查询图书 在当当中查询图书 在豆瓣中查询图书


正题名:电子管收音机技术问答     索取号:TN854/12         预约/预借

序号 登录号 条形码 馆藏地/架位号 状态 备注
1 0036678   001322205   第二样本阅览室/ [索取号:TN854/12] 在馆    
2 0036680   001952266   第三借阅区/ [索取号:TN854/12] 在馆    
3 0036681   001322189   第三借阅区/ [索取号:TN854/12] 在馆    
4 0036682   001322198   第三借阅区/ [索取号:TN854/12] 在馆    
5 0437393   204373935   密集书库/ [索取号:TN854/12] 在馆    
6 0437394   204373944   密集书库/ [索取号:TN854/12] 在馆    
7 0437395   204373953   密集书库/ [索取号:TN854/12] 在馆    
8 0437898   204378985   密集书库/ [索取号:TN854/12] 在馆    
9 0437899   204378994   密集书库/ [索取号:TN854/12] 在馆    
10 0437900   204379001   密集书库/ [索取号:TN854/12] 在馆    
11 0437943   204379430   密集书库/ [索取号:TN854/12] 在馆    
12 0437944   204379449   密集书库/ [索取号:TN854/12] 在馆    
13 0458086   204580863   密集书库/ [索取号:TN854/12] 在馆    
唐山师范学院图书馆 欢迎您!
大连网信软件有限公司© 版权所有